Statistics for East Asia Map Quiz - One Minute Sprint

Click here to take the quiz!

General Stats

  • This quiz has been taken 114 times
  • The average score is 20 of 23

Answers on the Map

Answers color-coded by a green-red scale on the quiz's map according to % correct below.
 

Answer Stats

Answer% Correct
China
100%
India
98%
Japan
98%
Mongolia
98%
North Korea
95%
Nepal
94%
Philippines
94%
South Korea
94%
Bangladesh
92%
Bhutan
92%
Indonesia
92%
Malaysia
91%
Taiwan
91%
Sri Lanka
88%
Thailand
88%
Laos
83%
Myanmar
83%
Cambodia
82%
Vietnam
82%
Singapore
80%
Timor-Leste
70%
Brunei
65%
Maldives
64%

Score Distribution

Percentile by Number Answered

Percent of People with Each Score

Your Score History

You have not taken this quiz